000 00478nam a22001577a 4500
003 macl
005 20200308170205.0
008 200308b xxu||||| |||| 00| 0 eng d
040 _cmacl
082 _a001
100 _aमहेश वर्णवाल
_978602
245 _aमध्‍य प्रदेश एक समग्र अध्‍ययन
260 _aDelhi
_bCosmos publication
650 _aसामान्‍य ज्ञान
_9328
942 _2ddc
_cHIN
999 _c62360
_d62360